Statystyki dla Wszystkie Linie KM Płock

Kliknij tutaj aby rozwiązać quiz!

Ogólne statystyki

  • Ten quiz został rozwiązany 18 razy
  • Średni wynik to 24 z 32

Statystyki odpowiedzi

Odpowiedź% Poprawnych
2
100%
3
100%
4
94%
7
94%
14
88%
18
88%
19
88%
20
88%
22
88%
24
88%
25
88%
26
81%
31
75%
32
75%
33
75%
35
75%
37
75%
102
69%
103
69%
104
69%
110
69%
111
69%
130
69%
140
69%
100
63%
101
63%
112
63%
120
63%
60
63%
62
63%
N1
31%
B
25%

Rozkład punktacji

Percentyl według liczby udzielonych odpowiedzi

Procent ludzi z każdym wynikiem

Twoja historia wyników

Nie rozwiązałeś tego quizu